[Event "Bad Woerishofen op"]
[Site "Bad Woerishofen"]
[Date "2001.??.??"]
[Round "9"]
[White "Bretscher, Robert"]
[Black "Schenfeld, Waldemar"]
[Result "0-1"]
[WhiteElo "1694"]
[BlackElo "1431"]
[Annotator "ChessOrg"]
[PlyCount "72"]
[EventDate "1998.03.05"]
[Source "ChessBase"]
[SourceDate "1998.04.29"]

1. e4 {C10: Franzoesische Verteidigung (Rubinstein-Variante)} 1... e6 2. d4 d5
3. Nc3 c6 4. Nf3 {letzter Buchzug} 4... Bb4 5. e5 Ne7 6. Be2 Nd7 7. a3 Ba5 8.
b4 Bc7 9. O-O b6 10. Bd3 c5 11. Be3 (11. Nb5 cxd4 12. Nd6+ Bxd6 13. exd6 13...
Ng6 $11) 11... c4 12. Be2 h6 13. Nd2 Nf5 (13... Nxe5 14. dxe5 Bxe5 15. Na2 $11)
14. Bg4 $11 14... Nxe3 15. fxe3 Qg5 16. Qf3 O-O 17. Nb5 (17. Qf4 Bd8 18. Nf3
Qxf4 19. exf4 $11) 17... Bd8 $4 (17... Bxe5 $5 $142 18. Nxc4 Ba6 19. Nxe5 Nxe5
20. dxe5 20... Bxb5 $17) 18. Nd6 (18. Nxc4 $5 18... Ba6 19. Ncd6 Bxb5 20. Nxb5
$16) 18... f5 $11 19. exf6 (19. Bh3 $5 19... Rb8 20. b5 $11) 19... Nxf6 $15 (
19... Rxf6 $2 20. Bxe6+ Rxe6 21. Qf7+ Kh7 22. Qxe6 $18) 20. Nxc8 Qxg4 21. Nd6
a6 22. e4 Be7 23. Qxg4 Nxg4 24. Rxf8+ (24. e5 $5 $17) 24... Rxf8 $19 (24...
Kxf8 25. Rf1+ Kg8 26. e5 Bxd6 27. exd6 $11) 25. e5 Bg5 26. Nf3 Be3+ 27. Kh1
Nf2+ 28. Kg1 Ne4+ 29. Kh1 c3 (29... Ng5 30. Re1 Nxf3 31. gxf3 Bxd4 32. Kg2 $19)
30. h3 (30. Re1 Bd2 31. Rb1 Nf2+ 32. Kg1 32... Ng4 $17) 30... g5 (30... Nd2 31.
Rd1 $19) 31. Re1 Bd2 32. Rb1 h5 33. Nxd2 $4 (33. a4 $17 $142) 33... cxd2 $19 (
33... Nxd2 $6 34. Re1 $17) 34. c4 (34. Kh2 Nc3 35. Ra1 d1=Q 36. Rxd1 36... Nxd1
$19) 34... Nf2+ (34... Ng3+ $142 35. Kg1 Ne2+ 36. Kh2 Nc1 (36... Nxd4 $6 37.
Rd1 $17) 37. cxd5 37... d1=Q $19) 35. Kh2 dxc4 36. Nxc4 d1=Q (36... d1=Q 37.
Rxd1 Nxd1 38. Nxb6 38... Rf2 $19) 0-1

[Event "Bad Woerishofen op"]
[Site "Bad Woerishofen"]
[Date "2001.??.??"]
[Round "2"]
[White "Buchner, Rudolf"]
[Black "Lamberger, Werner"]
[Result "1-0"]
[WhiteElo "2200"]
[BlackElo "1912"]
[Annotator "ChessOrg"]
[PlyCount "89"]
[EventDate "1998.03.05"]
[Source "ChessBase"]
[SourceDate "1998.04.29"]

1. e4 {B03: Aljechin-Verteidigung (Vierbauernvariante)} 1... Nf6 2. e5 Nd5 3.
d4 d6 4. c4 Nb6 5. exd6 cxd6 6. Nc3 Nc6 7. Be3 g6 8. Rc1 Bg7 9. b3 O-O 10. Nf3
{letzter Buchzug} 10... e5 11. Be2 Ne7 12. dxe5 dxe5 13. O-O Bd7 14. a4 Bc6 15.
Nb5 Bxb5 16. axb5 Nd7 (16... Qc7 17. Qc2 $11) 17. b4 Nf5 18. Bg5 Qc7 19. Bd3
Nd4 (19... a5 20. Bxf5 gxf5 21. Nh4 $16) 20. c5 $16 20... Rfe8 21. Re1 h6 22.
Bh4 f5 23. Nxd4 (23. c6 $5 23... bxc6 24. bxc6 Nxf3+ 25. Qxf3 $16 (25. gxf3 $6
25... Nb6 $11)) 23... exd4 $14 24. Be7 (24. Rxe8+ $142 24... Rxe8 25. Bg3 $14)
24... Be5 $17 25. Qb3+ Kg7 26. Qe6 Bf6 (26... Bxh2+ 27. Kf1 27... Bf4 $11) 27.
Qd6 (27. b6 axb6 28. cxb6 Qxc1 29. Rxc1 29... Rxe7 $16) 27... Be5 $11 28. Qe6 (
28. Qxc7 Bxc7 29. Bd6 Bxd6 30. cxd6 30... Kf6 $11) 28... Bf6 (28... Bxh2+ 29.
Kf1 29... Bf4 $11) 29. b6 $14 29... Qc6 $2 (29... axb6 $142 30. cxb6 Qxc1 31.
Rxc1 31... Rxe7 $16) 30. Bxf6+ $18 30... Nxf6 31. Qxc6 bxc6 32. Rxe8 Nxe8 33.
Ra1 Kf6 34. Rxa7 Rb8 35. f4 g5 36. g3 gxf4 37. gxf4 Ng7 38. Rc7 Nh5 39. Rxc6+
Ke7 40. Bxf5 Nxf4 41. Rxh6 d3 (41... Rd8 42. Rh4 Ne2+ 43. Kf2 $18) 42. Rd6 Rd8
(42... Rf8 43. Bxd3 Ra8 44. Bc4 $18) 43. b7 Rxd6 (43... Rb8 44. Rd7+ 44... Kf6
$18) 44. cxd6+ Kf6 45. Bxd3 $1 (45. Bxd3 Nxd3 46. d7 $18) 1-0

[Event "Bad Woerishofen op"]
[Site "Bad Woerishofen"]
[Date "2001.??.??"]
[Round "4"]
[White "Buchner, Rudolf"]
[Black "Sprenger, Jan"]
[Result "0-1"]
[WhiteElo "2200"]
[BlackElo "2326"]
[Annotator "ChessOrg"]
[PlyCount "222"]
[EventDate "1998.03.05"]
[Source "ChessBase"]
[SourceDate "1998.04.29"]

1. e4 {B33: Sizilianisch (Lasker/Pelikan/Sweschnikow-Variante)} 1... c5 2. Nf3
Nc6 3. d4 cxd4 4. Nxd4 Nf6 5. Nc3 e5 6. Ndb5 d6 7. Bg5 a6 8. Bxf6 gxf6 9. Na3
b5 10. Nd5 Bg7 11. c3 f5 12. exf5 Bxf5 13. Nc2 O-O 14. Nce3 Be6 15. Qh5 f5 16.
Bd3 16... Qd7 {letzter Buchzug} 17. Bc2 Qf7 18. Qxf7+ Rxf7 (18... Kxf7 $143 19.
Bxf5 Bxd5 20. Nxd5 $16) (18... Bxf7 $143 19. Bb3 $14) 19. f4 Re8 20. O-O e4 21.
Rad1 h5 22. Rd2 Kh7 23. Bd1 Kg6 24. Be2 Rb8 25. Nb4 Nxb4 26. Rxd6 (26. cxb4
$143 26... Rd7 27. Rc1 27... Rb6 $15) 26... Rd7 27. Rfd1 Rxd6 28. Rxd6 Kf7 29.
cxb4 Bxb2 30. Kf2 Ra8 31. Bxh5+ Ke7 32. Rc6 a5 33. g4 (33. Bg6 Bd4 34. Rxe6+
Kxe6 35. Bxf5+ Kd6 36. Bxe4 36... Ra7 $14) 33... Bd4 34. gxf5 Bc4 35. Be2 (35.
Rxc4 bxc4 36. b5 36... Rh8 $19) 35... axb4 36. Bxc4 (36. Rxc4 $4 36... bxc4 37.
Bxc4 37... Rc8 $19) 36... bxc4 37. Rxc4 Rxa2+ 38. Kg3 Bxe3 39. Rxe4+ Kf7 (39...
Kf6 40. Rxe3 40... Ra3 $11) 40. Rxb4 (40. Rxe3 $5 40... Ra3 41. Kf2 $11) 40...
Kf6 $17 41. h4 Kxf5 42. Rb5+ Kf6 43. Kg4 Bd4 44. Rd5 Ra4 45. h5 Ke6 46. Rg5 Ra1
47. Rg6+ $2 (47. h6 $15 $142) 47... Bf6 $19 48. Rh6 Rg1+ 49. Kf3 Kf5 50. Rh7
Rf1+ 51. Ke3 Re1+ 52. Kd3 Rh1 53. Kc4 Kxf4 54. Kd5 Kf5 55. Kc5 Rc1+ 56. Kb5 Ke6
57. Kb4 Be5 58. Kb3 Rc3+ 59. Kb4 Rc8 60. Kb3 Kd5 61. Rd7+ 61... Ke6 $4 (61...
Kc6 62. Re7 Kd6 63. Ra7 $19) 62. Rh7 62... Kd5 $4 (62... Bf4 63. Kb4 $19) 63.
Rd7+ Bd6 64. Rh7 (64. h6 Rb8+ 65. Kc2 65... Ke6 $19) 64... Rb8+ 65. Kc2 Be5 66.
Kd3 (66. Rd7+ Ke4 67. h6 Rb2+ 68. Kd1 68... Rh2 $19) 66... Rb3+ 67. Kc2 Rb2+
68. Kd3 68... Rb3+ $4 (68... Rh2 69. Rd7+ Bd6 70. Rh7 $19) 69. Kc2 Rc3+ 70. Kd2
Ke4 71. Re7 Rh3 72. Rh7 Rh2+ 73. Ke1 Ke3 74. Kf1 (74. Kd1 Bb2 75. Re7+ 75...
Kd3 $19) 74... Kf3 75. Ke1 Bc3+ 76. Kd1 Ke3 77. Rf7 Bd4 78. Kc1 Kd3 79. Rf3+
Be3+ 80. Kb1 Rxh5 81. Kb2 Rb5+ 82. Ka3 Rb8 83. Rh3 Kd4 84. Ka4 Kc4 85. Rh4+ Bd4
86. Rh5 Rg8 87. Rf5 Rg2 88. Rf3 Rb2 89. Rh3 Rb4+ (89... Bf2 $142 90. Rf3 Rb7
91. Rf5 $19) 90. Ka5 Rb7 91. Rh6 Rg7 92. Re6 Bc5 93. Re4+ Kd5 94. Rh4 Kc6 95.
Ka4 Rg3 96. Ka5 Rb3 97. Rg4 Rb8 98. Ka4 Kd5 99. Ka5 Bd4 100. Ka4 Kc5 101. Rg5+
Kc4 (101... Kd6 102. Rb5 Rc8 103. Kb4 $19) 102. Rh5 Rb4+ 103. Ka5 Rb1 104. Ka6
Bc5 (104... Rb6+ $142 105. Ka5 Re6 106. Rh4 $19) 105. Rh4+ Kd5 106. Rh5+ Kc6
107. Rh6+ Bd6 108. Rh5 Rb8 109. Rh7 Rb6+ 110. Ka5 Rb3 111. Rh5 (111. Rh4 $19)
111... Ra3# 0-1

[Event "Bad Woerishofen op"]
[Site "Bad Woerishofen"]
[Date "2001.??.??"]
[Round "6"]
[White "Buchner, Rudolf"]
[Black "Urban, Rudolf"]
[Result "1-0"]
[WhiteElo "2200"]
[BlackElo "2100"]
[Annotator "ChessOrg"]
[PlyCount "19"]
[EventDate "1998.03.05"]
[Source "ChessBase"]
[SourceDate "1998.04.29"]

1. e4 {B15: Caro-Kann (Flohr-Variante)} 1... c6 2. d4 g6 3. Nf3 d5 4. Nc3 dxe4
5. Nxe4 5... Bf5 {letzter Buchzug} 6. Ng3 Bg4 7. Bc4 Bxf3 (7... e6 8. c3 $11)
8. Qxf3 $14 (8. gxf3 $143 8... Nd7 $15) 8... Nf6 $2 (8... e6 $5 $142 9. c3 9...
Nd7 $14) 9. Qb3 $18 9... Nd5 10. Bxd5 (10. Bxd5 cxd5 11. Qxb7 $18) 1-0

[Event "Bad Woerishofen op"]
[Site "Bad Woerishofen"]
[Date "2001.??.??"]
[Round "2"]
[White "Camilleri, Henry"]
[Black "Becker, Alexander"]
[Result "0-1"]
[WhiteElo "2156"]
[BlackElo "1760"]
[Annotator "ChessOrg"]
[PlyCount "92"]
[EventDate "1998.03.05"]
[Source "ChessBase"]
[SourceDate "1998.04.29"]

1. e4 {B96: Sizilianisch (Najdorf-Variante)} 1... c5 2. Nf3 d6 3. d4 cxd4 4.
Nxd4 Nf6 5. Nc3 a6 6. Bg5 e6 7. f4 Nc6 8. Nxc6 bxc6 9. e5 h6 10. Bh4 g5 11.
fxg5 Nd5 12. Nxd5 cxd5 13. Qd2 {letzter Buchzug} 13... dxe5 14. Be2 (14. Bg3
14... Qc7 $11) 14... Be7 15. Bg3 Bxg5 16. Qc3 d4 17. Qc5 Bb7 18. O-O $2 (18.
Rf1 $5 $11) 18... Qd5 (18... Bd5 $5 19. Bh5 19... Rh7 $17) 19. Qxd5 $15 19...
Bxd5 20. Bxe5 Rg8 21. Bf3 (21. Bxd4 $4 21... Be3+ $5 22. Bxe3 Rxg2+ 23. Kh1
Rxe2+ 24. Rf3 24... Rxe3 $19) 21... Rd8 22. Bxd5 (22. Kh1 22... Be3 $11) 22...
Rxd5 (22... Be3+ 23. Kh1 Rxd5 24. Bf6 $15) 23. Bf4 $15 23... Rc5 24. Bxg5 hxg5
25. c3 dxc3 26. Rac1 Ke7 27. bxc3 Rgc8 28. Rf3 f5 29. Kf2 Kf6 30. g4 f4 31. Rd3
R5c6 32. Rh3 e5 33. Rh6+ Kg7 34. Rh5 Kg6 35. h4 gxh4 36. Rxe5 Rxc3 37. Re6+ (
37. Rxc3 $5 37... Rxc3 38. Ra5 $17) 37... Kg5 $19 38. Rxc3 Rxc3 39. Rxa6 Kxg4
40. Rg6+ Kf5 41. Rg8 Ra3 42. Kg2 $2 (42. Rf8+ $142 42... Ke4 43. Re8+ Kd4 44.
Rd8+ Ke5 45. Re8+ Kf6 46. Rf8+ Kg5 47. Rg8+ Kh5 48. Rc8 $19) 42... Rg3+ 43.
Rxg3 hxg3 44. a4 Ke5 (44... Kg4 $19 $142) 45. a5 Kd5 46. a6 Kc6 (46... Kc6 47.
a7 47... Kb7 $19) 0-1

[Event "Bad Woerishofen op"]
[Site "Bad Woerishofen"]
[Date "2001.??.??"]
[Round "4"]
[White "Camilleri, Henry"]
[Black "Taschner, Peter"]
[Result "1/2-1/2"]
[WhiteElo "2167"]
[BlackElo "2011"]
[Annotator "ChessOrg"]
[PlyCount "131"]
[EventDate "1998.03.05"]
[Source "ChessBase"]
[SourceDate "1998.04.29"]

1. e4 {B01: Skandinavische Verteidigung} 1... d5 2. exd5 Qxd5 3. Nc3 Qa5 4. d4
c6 5. Nf3 Nf6 6. Bc4 Bf5 7. Ne5 e6 8. O-O Nbd7 9. Re1 Nxe5 10. dxe5 Ng4 11. Qe2
Bc5 12. Nd1 12... Bxc2 {letzter Buchzug} 13. Bd2 Qd8 14. Qxg4 (14. h3 $5 14...
Bxd1 15. Rexd1 Nxf2 16. Be3 Nxd1 17. Bxc5 Nxb2 18. Qxb2 $17) 14... Qxd2 $17 15.
Ne3 Bg6 16. Rad1 (16. Re2 16... Qd4 $17) 16... Qa5 (16... Qxb2 $5 $142 17. Qf4
17... Qb4 $19) 17. h4 h5 (17... O-O 18. h5 b5 19. Bb3 $15) 18. Qg5 Bxe3 (18...
Qb4 19. b3 $17) 19. Rxe3 (19. Qxe3 Qb4 20. Qb3 Qxb3 21. Bxb3 $17 (21. axb3 $143
21... Rd8 $17)) 19... Rd8 $15 20. Rde1 (20. Rxd8+ $5 20... Qxd8 21. Qxd8+ Kxd8
22. Re2 $17) 20... Rh6 $17 21. a3 Rd4 22. b4 Qd8 23. Rc3 Qxg5 24. hxg5 Rh8 25.
b5 c5 26. Be2 b6 27. Bf3 (27. Rd1 Rxd1+ 28. Bxd1 28... Ke7 $17) 27... Ke7 $19
28. Ra1 Be4 (28... Rhd8 29. a4 $19) 29. a4 (29. Rd1 $5 29... Rd5 30. Rxd5 exd5
31. Bxe4 dxe4 32. Re3 $17) 29... Bxf3 $19 30. gxf3 Rhd8 31. Kg2 f6 32. a5 fxe5
33. axb6 axb6 34. Ra6 R4d6 (34... R8d6 35. Re3 $19) 35. Re3 Kf7 36. Rxe5 Kg6 (
36... R8d7 $5 $19) 37. Ra7 $17 37... Rc8 38. Re7 (38. Ra3 $19 $142) 38... c4
39. R7xe6+ Rxe6 40. Rxe6+ Kf7 (40... Kf5 41. Re1 $19) 41. Re1 (41. Re2 Rc5 42.
f4 42... Rxb5 $19) 41... Rc5 42. f4 Rxb5 43. Kf3 Rb3+ (43... c3 $5 $142 44. Ke4
$19) 44. Ke4 g6 45. f5 (45. Rc1 45... c3 $19) 45... gxf5+ 46. Kxf5 Rf3+ 47. Ke4
Rxf2 48. Rb1 Re2+ (48... Kg6 49. Ke3 Rh2 50. Kf4 Rh4+ 51. Kf3 $19) 49. Kd5 (49.
Kf5 c3 50. g6+ Kg7 51. Rxb6 51... Kh6 $19) 49... Re6 (49... c3 $5 $142 50. Rxb6
c2 51. Rc6 $19) 50. Rf1+ Ke7 51. Kxc4 Re5 52. Rg1 Kf7 53. Kd4 Rb5 54. g6+ Kg7
55. Ke4 Rb4+ (55... h4 $5 56. Rh1 $19) 56. Kf5 56... Rg4 $4 (56... Rc4 $19 $142
) 57. Rxg4 $11 57... hxg4 58. Kxg4 Kxg6 59. Kf4 Kf6 60. Ke4 Ke6 61. Kd4 Kd6 62.
Kc4 Kc6 63. Kb3 $4 (63. Kb4 63... b5 $11) 63... Kc5 (63... Kb5 $142 64. Ka3
64... Kc4 $19) 64. Kc3 $11 64... Kd5 65. Kb4 Kc6 66. Kb3 $4 (66. Kc4 $11 $142)
1/2-1/2

[Event "Bad Woerishofen op"]
[Site "Bad Woerishofen"]
[Date "2001.??.??"]
[Round "6"]
[White "Camilleri, Henry"]
[Black "Kunz, Konstantin"]
[Result "1/2-1/2"]
[WhiteElo "2167"]
[BlackElo "2196"]
[Annotator "ChessOrg"]
[PlyCount "85"]
[EventDate "1998.03.05"]
[Source "ChessBase"]
[SourceDate "1998.04.29"]

1. e4 {B40: Sizilianisch (Klassisches System mit e7-e6))} 1... c5 2. Nf3 e6 3.
c4 Nc6 4. Nc3 e5 5. d3 d6 6. a3 {letzter Buchzug} 6... g6 7. Nd5 Bg7 8. b4 b6
9. Be2 Nce7 10. Bd2 Nxd5 11. cxd5 cxb4 12. axb4 Nf6 13. O-O O-O 14. Qb3 a6 15.
Rfc1 Bb7 16. Rc2 Qb8 17. Be3 Nd7 18. d4 (18. Rac1 18... Rc8 $14) 18... a5 (
18... f5 $5 $142 19. exf5 19... e4 $14) 19. bxa5 $16 19... exd4 20. Bxd4 Bxd4
21. Nxd4 Nc5 (21... Re8 $16 $142) 22. Qxb6 $18 22... Nxe4 (22... Qe8 23. Qxd6
Nxe4 24. Qf4 $18) 23. Nc6 Bxc6 24. Rxc6 (24. Qxb8 $5 24... Rfxb8 25. dxc6 25...
Nc5 $18) 24... Qe8 25. Bf3 (25. Qd4 Nc5 26. Ra2 26... Nb3 $18) 25... Nc5 (25...
Ng5 26. Qe3 Nxf3+ 27. gxf3 $16) 26. Qb1 Qe5 27. a6 (27. Rb6 Rfe8 28. h3 28...
Nd3 $16) 27... Rfb8 (27... Nb3 $5 28. Ra4 28... Nd4 $16) 28. Qf1 $18 28... Rb2
29. a7 (29. Re1 $142 29... Qd4 30. Rxd6 $18) 29... Rb7 30. Re1 Qf6 31. Rxc5
dxc5 32. d6 Raxa7 33. Bxb7 Rxb7 34. Rd1 Qe6 35. Qa6 Qb3 36. Re1 Qd5 37. h4 (37.
Qa1 Rb8 38. Rd1 38... Qe6 $14) 37... Kg7 (37... Rb8 $5 $15 $142) 38. Qa1+ $14
38... Qd4 39. Qxd4+ cxd4 40. Rd1 Kf6 41. Rxd4 Ke6 42. h5 Rd7 43. hxg6 1/2-1/2

[Event "Bad Woerishofen op"]
[Site "Bad Woerishofen"]
[Date "2001.??.??"]
[Round "8"]
[White "Camilleri, Henry"]
[Black "Warter, Siegfried"]
[Result "0-1"]
[WhiteElo "2167"]
[BlackElo "1800"]
[Annotator "ChessOrg"]
[PlyCount "94"]
[EventDate "1998.03.05"]
[Source "ChessBase"]
[SourceDate "1998.04.29"]

1. e4 {C38: Koenigsspringer-Gambit (Greco und Philidor)} 1... e5 2. f4 exf4 3.
Nf3 g5 4. Bc4 Bg7 5. h4 h6 6. Nc3 {letzter Buchzug} 6... Nc6 7. d3 d6 8. Qe2 g4
9. Bxf4 $2 (9. Ng1 $5 $142 9... Bxc3+ 10. bxc3 $17) 9... gxf3 $19 10. Qxf3
Bxc3+ 11. bxc3 Qe7 12. O-O Be6 (12... Qxh4 $4 13. Bg5 $3 13... Qh2+ 14. Kxh2
hxg5+ 15. Kg1 $18) 13. Bxe6 Qxe6 14. d4 Qd7 (14... Nce7 15. d5 Qf6 16. Rab1 $19
) 15. a4 (15. d5 15... Na5 $19) 15... O-O-O (15... Nd8 16. a5 $19) 16. a5 a6
17. Be3 (17. d5 17... Nce7 $19) 17... f5 (17... Re8 18. c4 $19) 18. exf5 (18.
Qxf5 18... Rh7 $17) 18... Nf6 $19 19. d5 (19. c4 19... d5 $19) 19... Ne5 20.
Qe2 Nxd5 21. Bd4 Rde8 22. Rab1 Qc6 23. f6 Nxc3 24. Bxc3 Qxc3 25. Qe4 Qc5+ 26.
Kh1 Qc6 27. Qf5+ Qd7 28. Qf2 Qc6 (28... Qg4 29. Rb3 Nf7 30. Rf3 $19) 29. Qa7 $4
(29. Qf5+ Nd7 30. Rbe1 $19) 29... Rhg8 30. Qa8+ Kd7 31. Qxb7 Qxb7 (31... Qc4 $5
$142 32. Qb3 Qxh4+ 33. Qh3+ Qxh3+ 34. gxh3 $19) 32. Rxb7 Rg4 33. Ra7 Rxh4+ 34.
Kg1 Nc6 (34... Rc4 $5 35. Rxa6 Rxc2 36. Ra7 $19) 35. Rxa6 Ra4 36. Kh2 Rxa5 (
36... Nxa5 $6 37. Rf5 c5 38. Rd5 $17) 37. Rxa5 Nxa5 38. Kh3 Rf8 39. Kg4 Ke6 40.
Kh5 Rxf6 41. Rxf6+ Kxf6 42. Kxh6 Nc4 43. g4 Ne5 44. g5+ Kf5 45. c3 (45. Kg7 $19
) 45... d5 46. g6 Nxg6 47. Kg7 c5 (47... c5 48. Kf7 d4 49. cxd4 49... cxd4 $19)
0-1

[Event "Bad Woerishofen op"]
[Site "Bad Woerishofen"]
[Date "2001.??.??"]
[Round "2"]
[White "Camilleri, Stephen"]
[Black "Sawadkuhi, Massoud"]
[Result "0-1"]
[WhiteElo "2084"]
[BlackElo "2322"]
[Annotator "ChessOrg"]
[PlyCount "60"]
[EventDate "1998.03.05"]
[Source "ChessBase"]
[SourceDate "1998.04.29"]

1. e4 {C16: Franzoesische Verteidigung (Nimzowitsch-Variante)} 1... e6 2. d4 d5
3. Nc3 Bb4 4. e5 b6 5. a3 Bf8 6. f4 6... Ne7 {letzter Buchzug} 7. Nf3 Nf5 8.
Bb5+ c6 9. Ba4 Ba6 10. Ne2 Bb5 11. Bb3 (11. Bxb5 cxb5 12. O-O 12... Nc6 $11)
11... Bc4 (11... Be7 12. O-O $11) 12. Ba4 (12. Bxc4 dxc4 13. O-O 13... c5 $11)
12... Bb5 (12... b5 13. Bb3 $15) 13. Bb3 (13. Bxb5 cxb5 14. O-O 14... Nc6 $11)
13... c5 14. c3 Nc6 15. Bc2 Be7 16. Bd3 (16. dxc5 bxc5 17. O-O 17... O-O $11)
16... Bxd3 $15 17. Qxd3 c4 18. Qc2 h5 19. Bd2 Na5 20. Qa4+ Kf8 21. Qc2 Nb3 22.
Rb1 Qe8 23. Kf2 Qa4 24. g3 b5 25. h3 Nc5 26. Qxa4 Ne4+ 27. Kg2 bxa4 28. Rbd1
Ke8 29. Bc1 Kd7 30. Nd2 $2 (30. Rhf1 $5 $15 $142) 30... Ne3+ $19 (30... Ne3+
31. Kf3 Nxd1 32. Rxd1 Nxd2+ 33. Rxd2 33... Rab8 $19) 0-1

[Event "Bad Woerishofen op"]
[Site "Bad Woerishofen"]
[Date "2001.??.??"]
[Round "4"]
[White "Camilleri, Stephen"]
[Black "Becker, Alexander"]
[Result "1-0"]
[WhiteElo "2086"]
[BlackElo "1751"]
[Annotator "ChessOrg"]
[PlyCount "53"]
[EventDate "1998.03.05"]
[Source "ChessBase"]
[SourceDate "1998.04.29"]

1. e4 {B53: Sizilianisch (Ungarische Variante)} 1... c5 2. Nf3 d6 3. d4 cxd4 4.
Qxd4 Nc6 5. Bb5 Bd7 6. Qd3 Nf6 7. Nc3 e6 8. O-O {letzter Buchzug} 8... a6 9.
Bxc6 Bxc6 10. Bg5 Be7 11. Rad1 Qc7 12. Rfe1 Rd8 13. Qe2 b5 14. a3 O-O 15. Nd4
Bb7 16. Rd3 h6 17. Bc1 d5 (17... Nd7 18. Rdd1 $11) 18. e5 (18. exd5 18... Bc5
$14) 18... Ne4 $11 19. Qg4 (19. Nxe4 dxe4 20. Rg3 Rxd4 21. Bxh6 g6 22. Bxf8
22... Bxf8 $17) 19... Kh7 20. Qh5 20... Bc5 $2 (20... Ng5 $14 $142) 21. Bxh6 $1
$18 21... g6 $4 (21... gxh6 22. Qg5) 22. Qh3 (22. Qh4 Rh8 23. Nxe4 Qxe5 24.
Nf6+ Qxf6 25. Qxf6 Bxd4 26. Rxd4 Rdg8 27. Rh4 e5 28. Bg7#) 22... Rh8 23. Nxe4
dxe4 (23... Be7 24. Nxe6 $1 24... Qxe5 25. N4g5+ Qxg5 26. Nxg5+ Bxg5 27. Bxg5+
Kg7 28. Rf3 Rh5 29. Rxf7+ Kg8 30. Qe6 Rxg5 31. Rxb7+ Kh8 32. Qf6+ Kg8 33. Qxd8#
) 24. Bg5+ Kg8 25. Qxh8+ $3 (25. Bxd8 $6 25... Qxe5 26. Bh4 26... Bxd4 $18)
25... Kxh8 26. Bf6+ Kg8 27. Rh3 (27. Rh3 Bxd4 28. Rh8#) 1-0

[Event "Bad Woerishofen op"]
[Site "Bad Woerishofen"]
[Date "2001.??.??"]
[Round "6"]
[White "Camilleri, Stephen"]
[Black "Schaefer, Michael"]
[Result "1-0"]
[WhiteElo "2084"]
[BlackElo "2208"]
[Annotator "ChessOrg"]
[PlyCount "61"]
[EventDate "1998.03.05"]
[Source "ChessBase"]
[SourceDate "1998.04.29"]

1. e4 {B81: Sizilianisch (Keres-Angriff)} 1... c5 2. Nf3 e6 3. d4 cxd4 4. Nxd4
Nf6 5. Nc3 d6 6. g4 Nc6 7. g5 Nd7 8. Be3 a6 9. h4 Be7 10. Qh5 10... g6 {
letzter Buchzug} 11. Qe2 h6 12. Rg1 (12. Nxc6 $5 $142 12... bxc6 13. gxh6 $14)
12... hxg5 $15 13. hxg5 Nxd4 14. Bxd4 Rh5 15. f4 b5 (15... e5 16. Be3 exf4 17.
Bxf4 $15) 16. O-O-O (16. Qf2 $5 $11) 16... b4 $17 17. Na4 Qa5 18. b3 Bb7 19.
Kb1 Bc6 20. Nb2 Qc7 21. Bg2 e5 22. Be3 Bb5 23. Qd2 a5 24. Bf3 Rh8 25. Rh1 Rxh1
26. Rxh1 exf4 27. Rh8+ Bf8 28. Bxf4 Ne5 29. Bxe5 (29. Bg2 29... Qc6 $14) 29...
dxe5 $11 30. Qd5 30... Bc6 $4 (30... Rb8 $16 $142) 31. Qc5 $18 (31. Qc5 O-O-O
32. Rxf8 Rxf8 33. Qxf8+ Kb7 34. Nc4 $18) 1-0

[Event "Bad Woerishofen op"]
[Site "Bad Woerishofen"]
[Date "2001.??.??"]
[Round "8"]
[White "Camilleri, Stephen"]
[Black "Schelle, Artur"]
[Result "0-1"]
[WhiteElo "2084"]
[BlackElo "2215"]
[Annotator "ChessOrg"]
[PlyCount "76"]
[EventDate "1998.03.05"]
[Source "ChessBase"]
[SourceDate "1998.04.29"]

1. e4 {B30: Sizilianisch (Rossolimo-Variante)} 1... c5 2. Nf3 Nc6 3. Bb5 e6 4.
O-O Nge7 5. Re1 Nd4 6. Bf1 Nec6 7. c3 {letzter Buchzug} 7... Nxf3+ 8. Qxf3 Be7
9. d3 O-O 10. Be3 e5 11. Na3 d6 12. Nc2 Bf6 (12... f5 13. exf5 Bxf5 14. Qd5+
Kh8 15. b4 $11) 13. g3 Be6 14. Bg2 b6 15. Qe2 d5 16. Bd2 d4 17. c4 Bxc4 (17...
Bg5 18. Rab1 $15) 18. dxc4 $11 18... d3 19. Qd1 dxc2 20. Qxc2 Nd4 21. Qc3 Qe7
22. Be3 Rfd8 23. Bxd4 Rxd4 24. Rad1 Rad8 25. Bf3 Qe6 26. b3 a5 27. Kg2 g6 28.
Rxd4 cxd4 29. Qd2 (29. Qd3 29... Bg5 $11) 29... d3 30. Rd1 Kg7 31. h4 h5 32.
Kh2 Be7 33. Qc3 Bb4 34. Qb2 Qf6 35. Kg2 Qd6 36. Qa1 Kh7 37. Be2 $4 (37. Rh1 $17
$142) 37... dxe2 $19 38. Rxd6 Rxd6 (38... Rxd6 39. Qxe5 39... e1=Q $19) 0-1

[Event "Bad Woerishofen op"]
[Site "Bad Woerishofen"]
[Date "2001.??.??"]
[Round "2"]
[White "Campe, Herbert"]
[Black "Schmidt, Volker"]
[Result "1-0"]
[WhiteElo "1716"]
[BlackElo "2000"]
[Annotator "ChessOrg"]
[PlyCount "61"]
[EventDate "1998.03.05"]
[Source "ChessBase"]
[SourceDate "1998.04.29"]

1. e4 {B01: Skandinavische Verteidigung} 1... d5 2. exd5 Nf6 3. d4 Nxd5 4. Nf3
g6 5. Be2 Bg7 6. O-O O-O 7. c3 {letzter Buchzug} 7... Nc6 8. Nbd2 Nf4 9. Bb5 (
9. Re1 Nxe2+ 10. Qxe2 10... Re8 $14) 9... Bg4 (9... Qd5 $5 10. Ba4 10... Nd8
$11) 10. h3 Bf5 11. Nh4 (11. Nb3 11... Qd6 $14) 11... Bd7 12. Ne4 e5 (12... a6
13. Ba4 Nd5 14. Nc5 $14) 13. Nf3 $16 13... a6 14. Ba4 b5 15. Bc2 (15. Bb3 Bf5
16. Ng3 Nxh3+ 17. gxh3 17... Bxh3 $16) 15... Qc8 (15... Nxh3+ 16. Kh1 exd4 17.
cxd4 $11) 16. dxe5 (16. Nxe5 Nxh3+ 17. gxh3 Nxe5 18. dxe5 18... Bxh3 $16) 16...
Nxh3+ (16... Nxg2 $5 $142 17. Neg5 17... h6 $11) 17. gxh3 $16 17... Bxh3 18.
Re1 Nxe5 (18... Qg4+ 19. Ng3 Rad8 20. Bd2 $16) 19. Nxe5 Bxe5 20. f3 Bg7 21. Bb3
c5 (21... Be6 22. Bxe6 Qxe6 23. Bg5 $16) 22. Qe2 c4 23. Bc2 Re8 24. Qh2 Bd7 25.
Bf4 Bf5 26. Rad1 Qb7 27. Qf2 Rad8 (27... Qc6 28. Rd6 Qb7 29. Red1 $16) 28. Rxd8
$18 28... Rxd8 29. Nd6 29... Rxd6 $4 (29... Qc6 30. Bxf5 30... gxf5 $18) 30.
Re8+ Bf8 31. Bxd6 (31. Bxd6 Qc8 32. Rxc8 (32. Bxf8 $6 32... Qxe8 33. Bh6 33...
Bxc2 $16) 32... Bxc8 33. Bxf8 Kxf8 34. Qc5+ Kg7 35. Qxc8 $18) 1-0